飯田線の駅をいくつ知っていますか? - Statistics

General Stats
  • This quiz has been taken 4 times
  • The average score is 39 of 94
Answer Stats
Answer % Correct
豊橋
100%
豊川
100%
中部天竜
100%
天竜峡
100%
100%
飯田
100%
辰野
100%
船町
75%
下地
75%
新城
75%
本長篠
75%
湯谷温泉
75%
佐久間
75%
水窪
75%
小和田
75%
中井侍
75%
為栗
75%
伊那松島
75%
小坂井
50%
牛久保
50%
東新町
50%
大海
50%
東栄
50%
大嵐
50%
平岡
50%
温田
50%
田本
50%
金野
50%
千代
50%
伊那大島
50%
伊那福岡
50%
小町屋
50%
沢渡
50%
伊那市
50%
伊那北
50%
木ノ下
50%
50%
三河一宮
25%
長山
25%
江島
25%
東上
25%
野田城
25%
茶臼山
25%
三河東郷
25%
鳥居
25%
長篠城
25%
三河大野
25%
三河槇原
25%
柿平
25%
三河河合
25%
池場
25%
出馬
25%
上市場
25%
浦川
25%
早瀬
25%
下川合
25%
相月
25%
城西
25%
向市場
25%
伊那小沢
25%
鶯巣
25%
門島
25%
唐笠
25%
川路
25%
時又
25%
駄科
25%
毛賀
25%
伊那八幡
25%
下山村
25%
切石
25%
桜町
25%
伊那上郷
25%
元善光寺
25%
下市田
25%
市田
25%
下平
25%
山吹
25%
上片桐
25%
伊那田島
25%
高遠原
25%
七久保
25%
伊奈本郷
25%
飯島
25%
田切
25%
大田切
25%
宮田
25%
赤木
25%
下島
25%
田畑
25%
北殿
25%
羽場
25%
伊那新町
25%
宮木
25%
駒ヶ嶺
0%
No matching quizzes found
Score Distribution
Percent of People with Each Score
Percentile by Number Answered
Your Score History
You have not taken this quiz